|
|
|
|
| LEADER |
00000nam0a2200000 4500 |
| 001 |
372293 |
| 005 |
20231102012448.0 |
| 035 |
|
|
|a (RuTPU)RU\TPU\retro\29715
|
| 035 |
|
|
|a RU\TPU\book\269344
|
| 090 |
|
|
|a 372293
|
| 100 |
|
|
|a 20221214d1975 m y0rusy50 ca
|
| 101 |
0 |
|
|a fre
|
| 102 |
|
|
|a RU
|
| 105 |
|
|
|a a j 001zy
|
| 200 |
1 |
|
|a Краткий курс теоретической механики
|f С. М. Тарг
|
| 210 |
|
|
|a Москва
|c Мир
|d 1975
|
| 215 |
|
|
|a 509 с.
|c ил.
|
| 300 |
|
|
|a Книга на франц. языке.
|
| 320 |
|
|
|a Предметный указатель: с. 498-502.
|
| 606 |
1 |
|
|a Механика теоретическая
|2 stltpush
|3 (RuTPU)RU\TPU\subj\59441
|9 76991
|
| 610 |
1 |
|
|a статика
|
| 610 |
1 |
|
|a силы
|
| 610 |
1 |
|
|a сложение
|
| 610 |
1 |
|
|a момент силы
|
| 610 |
1 |
|
|a равновесие
|
| 610 |
1 |
|
|a трение
|
| 610 |
1 |
|
|a центр тяжести
|
| 610 |
1 |
|
|a материальная точка
|
| 610 |
1 |
|
|a кинематика
|
| 610 |
1 |
|
|a движение
|
| 610 |
1 |
|
|a поступательное движение
|
| 610 |
1 |
|
|a вращательное движение
|
| 610 |
1 |
|
|a сложные движения
|
| 610 |
1 |
|
|a относительные движения
|
| 610 |
1 |
|
|a прямолинейное движение
|
| 610 |
1 |
|
|a прямолинейные колебания
|
| 610 |
1 |
|
|a кинетическая энергия
|
| 610 |
1 |
|
|a ударение
|
| 610 |
1 |
|
|a удар
|
| 610 |
1 |
|
|a задачи
|
| 610 |
1 |
|
|a решение
|
| 610 |
1 |
|
|a учебные пособия
|
| 610 |
1 |
|
|a французский язык
|
| 675 |
|
|
|a 531
|v 3
|
| 700 |
|
1 |
|a Тарг
|b С. М.
|
| 801 |
|
1 |
|a RU
|b 63413507
|c 20140114
|
| 801 |
|
2 |
|a RU
|b 63413507
|c 20221214
|g RCR
|
| 942 |
|
|
|c BK
|